| 000 | 00470nam a2200157 a 4500 | ||
|---|---|---|---|
| 001 | 000030331 | ||
| 005 | 20200930060234.0 | ||
| 008 | 110510s2004 dr 000 0 spa d | ||
| 040 |
_aDO-SdBNP _bspa _cBNPHU |
||
| 082 |
_axxxx _bR426i |
||
| 110 | 1 |
_aRepública Dominicana. _bCentro Nacional de Investigaciones en Salud Marterno Infantil _956991 |
|
| 245 | 1 | 0 | _aInforme anual 2004. |
| 260 |
_aSanto Domingo : _b049, _c[2004?]. |
||
| 300 |
_a13 p. ; _c28 cm. |
||
| 049 | _aBNPD | ||
| 999 |
_c29823 _d29823 |
||